Fr. Conceicao Rodrigues College of Engineering

Performance and design of AC commutator motors (Record no. 29778)

MARC details
000 -LEADER
fixed length control field 00294nam a2200133Ia 4500
082 ## - DEWEY DECIMAL CLASSIFICATION NUMBER
Classification number 621.56
Item number TAY
100 ## - MAIN ENTRY--PERSONAL NAME
Personal name Taylor/Openshaw
245 ## - TITLE STATEMENT
Title Performance and design of AC commutator motors
260 ## - PUBLICATION, DISTRIBUTION, ETC.
Name of publisher, distributor, etc. A.H.Wheelar & Co
300 ## - PHYSICAL DESCRIPTION
Extent 350
546 ## - LANGUAGE NOTE
Language note ENGLISH
654 ## - SUBJECT ADDED ENTRY--FACETED TOPICAL TERMS
Focus term AC
942 ## - ADDED ENTRY ELEMENTS (KOHA)
Koha item type BOOK
Holdings
Withdrawn status Lost status Damaged status Not for loan Collection Home library Current library Shelving location Date acquired Total Checkouts Full call number Barcode Date last seen Price effective from Koha item type
        ITI Fr. Agnel's C.Rodrigues College of Engineering Fr. Agnel's C.Rodrigues College of Engineering   17/03/2023   621.56 TAY ITI453 17/03/2023 17/03/2023 BOOK